|
|
|
|
| LEADER |
01033nam a22002177a 4500 |
| 003 |
GR-PaULI |
| 005 |
20210117210635.0 |
| 007 |
ta |
| 008 |
180607s1953 gr a|||f |||| 00| 0 gre d |
| 040 |
|
|
|a GR-PaULI
|b gre
|c GR-PaULI
|e AACR2
|
| 060 |
|
|
|a WG 103
|
| 100 |
1 |
|
|9 169355
|a Αλεσανδρής, Λεωνίδας
|e συγγραφέας
|
| 245 |
1 |
0 |
|a Σημειολογία του κυκλοφορικού συστήματος /
|c Δρος Λεωνίδα Αλεσανδρή.
|
| 260 |
|
|
|a Αθήναι :
|b Τύποις : Αφών Ευθυμίου Κοβάνη,
|c 1953.
|
| 300 |
|
|
|a 235 σ. :
|b σχήμ. ;
|c 26 εκ.
|
| 504 |
|
|
|6 Περιλαμβάνει βιβλιογραφία.
|
| 650 |
|
4 |
|9 30783
|a Κυκλοφορικό σύστημα
|
| 942 |
|
|
|2 nlm
|c BKN
|
| 952 |
|
|
|0 0
|1 0
|2 nlm
|4 0
|6 WG_103_ΑΛΕ
|7 1
|9 222910
|a MEDI
|b MEDI
|c DON
|d 2018-06-07
|i 7131
|l 0
|o WG 103 ΑΛΕ
|p 025000174834
|r 2018-06-07 00:00:00
|t 1
|v 2018.00
|w 2018-06-07
|y BKN
|z Δωρεά Ζ. Γιώτσα (αίθουσα δωρεών)
|
| 998 |
|
|
|c ΜΑΝΙΑΚΗ
|d 2018
|
| 999 |
|
|
|c 134715
|d 134715
|